Passing the USMLE Basic Science /

Preparing for step one of the USMLE, dedicated to the basic science of medicine, can be a daunting task. Students must demonstrate the ability to recall, understand, and apply a vast number of principles and facts that lie at the cornerstone of a medical education. Passing the USMLE: Basic Science i...

Πλήρης περιγραφή

Λεπτομέρειες βιβλιογραφικής εγγραφής
Κύριος συγγραφέας: Abdel-Halim, Ahmad Wagih (Συγγραφέας)
Συγγραφή απο Οργανισμό/Αρχή: SpringerLink (Online service)
Μορφή: Ηλεκτρονική πηγή Ηλ. βιβλίο
Γλώσσα:English
Έκδοση: New York, NY : Springer New York : Imprint: Springer, 2009.
Θέματα:
Διαθέσιμο Online:Full Text via HEAL-Link
LEADER 02267nam a22003975i 4500
001 978-0-387-68982-1
003 DE-He213
005 20151204181531.0
007 cr nn 008mamaa
008 100301s2009 xxu| s |||| 0|eng d
020 |a 9780387689821  |9 978-0-387-68982-1 
024 7 |a 10.1007/978-0-387-68980-7  |2 doi 
040 |d GrThAP 
050 4 |a R1 
072 7 |a MB  |2 bicssc 
072 7 |a MED000000  |2 bisacsh 
082 0 4 |a 610  |2 23 
100 1 |a Abdel-Halim, Ahmad Wagih.  |e author. 
245 1 0 |a Passing the USMLE  |h [electronic resource] :  |b Basic Science /  |c by Ahmad Wagih Abdel-Halim. 
264 1 |a New York, NY :  |b Springer New York :  |b Imprint: Springer,  |c 2009. 
300 |a XXVI, 210 p.  |b online resource. 
336 |a text  |b txt  |2 rdacontent 
337 |a computer  |b c  |2 rdamedia 
338 |a online resource  |b cr  |2 rdacarrier 
347 |a text file  |b PDF  |2 rda 
505 0 |a Anatomy -- Embryology -- Neuroanatomy -- Histology -- Public Health -- Genetics -- Microbiology -- Immunology -- Pharmacology -- Pathophysiology -- Biochemistry -- Behavioral Medicine. 
520 |a Preparing for step one of the USMLE, dedicated to the basic science of medicine, can be a daunting task. Students must demonstrate the ability to recall, understand, and apply a vast number of principles and facts that lie at the cornerstone of a medical education. Passing the USMLE: Basic Science is the single source for need-to-know, high yield information. Concepts are presented in bulleted lists and concise text for quick comprehension and illustrated with tables, diagrams and full color photographs. Covering topics in anatomy, embryology, neuroanatomy, histology, public health, genetics, microbiology, immunology, pharmacology, pathophysiology, biochemistry and behavioral medicine, Passing the USMLE: Basic Science is a comprehensive yet comprehensible guide for the busy medical student. 
650 0 |a Medicine. 
650 1 4 |a Medicine & Public Health. 
650 2 4 |a Medicine/Public Health, general. 
710 2 |a SpringerLink (Online service) 
773 0 |t Springer eBooks 
776 0 8 |i Printed edition:  |z 9780387689807 
856 4 0 |u http://dx.doi.org/10.1007/978-0-387-68980-7  |z Full Text via HEAL-Link 
912 |a ZDB-2-SME 
950 |a Medicine (Springer-11650)